| 000 | 00000nam##2200000za#4500 |
| 001 | 9.569458 |
| 003 | CaOODSP |
| 005 | 20210624181758 |
| 007 | cr ||||||||||| |
| 008 | 150406|1998||||xxc|||||o f|0| 0 eng|d |
| 040 | |aCaOODSP|beng |
| 043 | |an-cn--- |
| 086 | 1 |aNH18-1/177-1998E-PDF |
| 110 | 2 |aCanada Mortgage and Housing Corporation. |
| 245 | 10|aField testing to characterize suite ventilation in recently constructed mid-and high-rise residential buildings / |h[electronic resource]|cprepared by Sheltair Scientific Ltd. ; Sheltair researchers, Peter Moffatt, Ian Theaker, Craig Wray. |
| 260 | |aOttawa - Ontario : |bCanada Mortgage and Housing Corporation |c1998. |
| 300 | |a147p.|bfigs., glossary, graphs, references, tables |
| 490 | 1 |aResearch report |
| 500 | |a"Final report". |
| 546 | |a(Résumé en français.) |
| 590 | |a11-06-Supp|b2011-04-14 |
| 720 | 1 |aMoffatt, Peter |
| 720 | 1 |aTheaker, Ian |
| 720 | 1 |aWray, Craig |
| 830 | #0|aResearch report (Canada Mortgage and Housing Corporation : Online)|w(CaOODSP)9.506068 |
| 856 | 40|ahttp://publications.gc.ca|qPDF|s1.57 MB|uhttps://publications.gc.ca/collections/collection_2011/schl-cmhc/nh18-1/NH18-1-177-1998-eng.pdf |